000 00644nam a2200181 a 4500
005 20160528020002.0
008 140123b2003 ck ||||| |||| 00| 0 spa d
040 _cCO-BoIH
041 _aspa
090 _aIAVH
_b00333
100 _aQuiceno, María Paula
_91346
245 _aPropuesta de un sistema de criterios e indicadores de evaluación a la sostenibilidad de la cría en ciclo cerrado de babilla (Caiman crocodilus fuscus (COPE, 1868) en Colombia
_binforme final de resultados
260 _aBogotá
_bInstituto Humboldt
_c2003
300 _a93 p.
700 _aGómez S., Rosario
_94850
942 _cINFORME
_2z
_01
945 _d2005-05-25
999 _c4530
_d4530